LEADER 00836nam a2200205 i 4500 001 000000141757 003 CaOOAMICUS 005 20050728000000.0 008 050728s1935 it u000 u ita u 013 $a116486 040 $aSeMil$bita 100 1 $aChiocchetti, Emilio .$0(OLS)http://semarc/name/30788 245 13$aLa filosofia di Giambattista Vico :$bsaggi /$cEmilio Chiocchetti. 260 $aMilano :$bVita e Pensiero,$c1935. 300 $a198 p. ;$c20 cm. 600 14$aVico, Giambattista <1668-1744>.$0(OLS)http://semarc/subject/1153 850 $aSeMil 852 $aSeMil$W1$xVenegono$y1$m2R III 23$j94975$B94975$CSeMilBibl$Z2$F101004 $81 996 $6245$aLa filosofia di Giambattista Vico :$bsaggi$9(OLS)http://semarc/title/207215 996 $6260$aMilano :$bVita e Pensiero$9(OLS)http://semarc/publisher/29642 LEADER 00901nam a2200217 i 4500 001 000000047067 003 CaOOAMICUS 005 20120220000000.0 008 120220s1964 xx u000 u ger u 013 $a18237 040 $aSeMil$bita 100 1 $aMüller, Alois.$0(OLS)http://semarc/name/23408 245 14$aDas Problem von Befehl und Gehorsam im Leben der Kirche /$cAlois Müller. 260 $aEinsiedeln :$bBenziger,$c1964. 300 $a316 p. ;$c23 cm. 650 4$aAppartenenza alla Chiesa.$0(OLS)http://semarc/subject/9957 650 4$aChiesa cattolica - Obbedienza.$0(OLS)http://semarc/subject/9958 850 $aSeMil 852 $aSeMil$W1$xVenegono$y1$m2C III 150$j13222$B13222$CSeMilBibl$Z2$F13222 $81 996 $6245$aDas Problem von Befehl und Gehorsam im Leben der Kirche$9(OLS)http://semarc/title/70701 996 $6260$aEinsiedeln :$bBenziger$9(OLS)http://semarc/publisher/40373